| 000 | 00441nam a22001577a 4500 | ||
|---|---|---|---|
| 005 | 20250606114414.0 | ||
| 008 | 250606b |||||||| |||| 00| 0 eng d | ||
| 041 | _aOdia | ||
| 082 | _a891.453 SWA | ||
| 100 | _aSwain, Bhagwan | ||
| 245 | _aThe Heritage of Village Raghurajpur | ||
| 260 |
_aBhubaneswar _bParamapara _c2022 |
||
| 300 | _a312p. | ||
| 650 |
_bOdiya Literature, Odia Literature _aOdiya Literature, Odia Literature |
||
| 942 | _cDB | ||
| 999 |
_c8999 _d8999 |
||